| 000 | 00713nam a22002177a 4500 | ||
|---|---|---|---|
| 005 | 20240530110450.0 | ||
| 008 | 150506s2010 ua g | 00| 0 ara d | ||
| 017 |
_a2009/14032 _bمصر . دار الكتب المصرية |
||
| 020 | _a9775471907 | ||
| 040 | _aEG-CaGPL | ||
| 082 | 0 | 4 |
_221 _a302.2\ _bهـ د |
| 100 | 0 | _aهمت حسن | |
| 245 | 1 | 0 |
_aدراسات فى الاتصال التنموى / _cهمت حسن |
| 250 | _aط1 | ||
| 260 |
_aالقاهرة : _bمصر العربية للنشر و التوزيع ، _c2010 . |
||
| 300 |
_a271 ص . _c24 سم . |
||
| 650 | 0 | 4 | _aالاتصال |
| 650 | 0 | 4 | _aالاتصال التنموى |
| 942 |
_2ddc _cBK |
||
| 999 |
_c61235 _d61235 |
||